List all the neighbors the countries in year 1444 - Statistics

General Stats
  • This quiz has been taken 165 times
  • The average score is 17 of 30
Answer Stats
Hint Answer % Correct
Lithuania Poland
88%
France England
84%
Byzantium Ottoman Empire
83%
Burgundy
77%
Kingdom Bosnia Hungary
75%
Aragon
73%
Serbia
72%
Ming Dynasty
66%
Athens
65%
Brittany
64%
Muscovy
64%
Provence
62%
Venice
62%
Livonian Order
61%
Teutonic Order
61%
Novgorod
59%
Crimea
56%
Ragusa
56%
Savoy
56%
Moldavia
53%
Nevers
51%
Oirat
50%
Pskov
50%
Mazovia
47%
Ryazan
47%
Great Horde
43%
Odoyev
39%
Papal States
37%
Korchin
26%
Mongol Buryatia
6%
No matching quizzes found
Score Distribution
Percent of People with Each Score
Percentile by Number Answered
Your Score History
You have not taken this quiz